00853cam7a220020500 4500001001200000003000500012005001700017008004100034035001900075035002200094040000900116100002800125245018900153260010900342650005500451650005700506949005900563004000600622999001900628tmp15385135UPRA20190823092744.0950801s1917 gw eng u a(Sirsi) r55710 a(UPRA)tmp15385135 cUPRA1 aBesser, Hans.6A14437.110aNatur-und Jagdstudien in Deutsch-Ostafrika :bmit zahlreichen Abbildungen /cnach Zeichnungen von E. Bungartz, einem Kartchen und einem farbigen Umschlagbild, gezeichnet von R. Friase. aStuttgart :bKosmos, Gesellschaft der Naturfreunde, Geschafstelle: Franckh'sche Verlagschandlung,c1917. 0aZoology -- Tropics.zZoology -- Tropics.6S10372.1 0aHunting -- Tanzania.zHunting -- Tanzania.6S10373.1 aQL337wlcci33729001784037mMAINp2500tBOOKlON-SHELF55710 c145350d145350